Sculpture: (Record no. 5778)

MARC details
000 -LEADER
fixed length control field 00827cam a2200253 4500
003 - CONTROL NUMBER IDENTIFIER
control field OSt
005 - DATE AND TIME OF LATEST TRANSACTION
control field 20260428170156.0
008 - FIXED-LENGTH DATA ELEMENTS--GENERAL INFORMATION
fixed length control field 150721n 000 0 eng u
020 ## - INTERNATIONAL STANDARD BOOK NUMBER
International Standard Book Number 9783836523936
035 ## - SYSTEM CONTROL NUMBER
System control number (Sirsi) a191071
040 ## - CATALOGING SOURCE
Transcribing agency Foundation University
050 ## - LIBRARY OF CONGRESS CALL NUMBER
Classification number NB 60
Item number .2010 S38 v.1
245 ## - TITLE STATEMENT
Title Sculpture:
Remainder of title from antiquity to the middle ages:
-- from the eighth century BC to the fifteenth century/
Statement of responsibility, etc. edited by Georges Duby and Jean-Luc Daval
260 ## - PUBLICATION, DISTRIBUTION, ETC.
Place of publication, distribution, etc. Los Angeles:
Name of publisher, distributor, etc. Taschen,
Date of publication, distribution, etc. 2010
264 ## - PRODUCTION, PUBLICATION, DISTRIBUTION, MANUFACTURE, AND COPYRIGHT NOTICE
Copyright Date 2010
300 ## - PHYSICAL DESCRIPTION
Extent 544p.:
Other physical details ill.
Materials specified books
Type of unit books
336 ## - CONTENT TYPE
Content type term n
337 ## - MEDIA TYPE
Media type term n
Media type code n
338 ## - CARRIER TYPE
Materials specified n
Carrier type term n
Carrier type code n
650 ## - SUBJECT ADDED ENTRY--TOPICAL TERM
Topical term or geographic name entry element Sculpture, European
9 (RLIN) 15597
700 ## - ADDED ENTRY--PERSONAL NAME
Personal name Duby, Georges
9 (RLIN) 13281
700 ## - ADDED ENTRY--PERSONAL NAME
Personal name Daval, Jean-Luc
9 (RLIN) 13282
942 ## - ADDED ENTRY ELEMENTS (KOHA)
Source of classification or shelving scheme Library of Congress Classification
Koha item type Books
Classification part NB 60
Item part .2010 S38 v.1
Call number prefix (DAFA-FA)
Holdings
Withdrawn status Lost status Source of classification or shelving scheme Damaged status Not for loan Collection code Home library Current library Shelving location Date acquired Source of acquisition Total Checkouts Full call number Barcode Date last seen Price effective from Koha item type Accession Number
    Library of Congress Classification     Non-fiction Foundation University Library Foundation University Library DoArchitecture & Fine Arts 04/28/2026 Donations   (DAFA-FA) NB 60 .2010 S38 v.1 0192026003348 04/28/2026 04/28/2026 Books DAFA-2026348
    Library of Congress Classification     Non-fiction Foundation University Library Foundation University Library DoArchitecture & Fine Arts 04/28/2026 Donations   (DAFA-FA) NB 60 .2010 S38 v.2 0192026003349 04/28/2026 04/28/2026 Books DAFA-2026349